Einfluss der Pandektistik auf die Ungarische Privatrechtswissenschaft [különlenyomat] /

Elmentve itt :
Bibliográfiai részletek
Szerző: Pólay Elemér
Dokumentumtípus: Cikk
Sorozat:Kolligátum
Kulcsszavak:Magánjog - magyar
Online Access:http://misc.bibl.u-szeged.hu/23481
LEADER 00567nab a2200157 i 4500
001 misc23481
005 20191108150541.0
008 170804suuuu hu o 0|| zxx d
040 |a SZTE Miscellanea Repozitórium  |b hun 
041 |a zxx 
100 1 |a Pólay Elemér 
245 1 0 |a Einfluss der Pandektistik auf die Ungarische Privatrechtswissenschaft   |h [elektronikus dokumentum] :  |b [különlenyomat] /  |c  Pólay Elemér 
300 |a 175-196 
490 0 |a Kolligátum 
695 |a Magánjog - magyar 
856 4 0 |u http://misc.bibl.u-szeged.hu/23481/1/87590_175-196.pdf  |z Dokumentum-elérés